00927nam a22002297a 450000100060000000300080000600500170001400800410003103500190007204000350009104100080012608200320013410000240016624501790019026000720036930000390044150200800048050400340056065000160059465000450061070000420065580157BD-RjUL20230528100209.0220802s2011 bg a|||| m||| 00| 0 eng d a(BD-RjUL)80157 aBD-RjULbengcBD-RjULdBD-RjUL aeng 223a633.187054924bKUI 2011 aKundu, Ranjan Kumar10aInvestigating the trend and impact of some variables on HYV Boro Rice production in Northern Region of Bangladesh /cRanjan Kumar Kundu ;6Supervisor : Provash Kumar Karmokar aRajshahi :bDepartment of Statistics, University of Rajshahi.c2011 axiii, 133 leaves :bill, ;c29.cm. aThesis (M. Phil.) -- Department of Statistics, University of Rajshahi, 2011 aReferences : Leaves 124 - 133 aFieldvRice aBoro RicezNorthern Region of Bangladesh aKarmokar, Provash, Kumar, Supervisor